000 00758nam a2200241Ia 4500
003 OSt
005 20220925222316.0
006 a|||||r|||| 00| 0
007 ta
008 220923b |||||||| |||| 00| 0 eng d
020 _a9780230355125
_c5139.2700000000004
037 _b45304, 06/11/2015, Segment Book Distributors
_cGeneral Book
040 _aRTL
_cRTL
_beng
041 _2eng
_aeng
082 _aY9(L:4:51), Q3
100 _aBROADBENT Alex
_934223
245 0 _aPhilosophy of epidemiology
260 _aLondon
_bPalgrave Macmillan
_c2013
300 _axv, 203p
_ccm.
650 _aSociology
942 _hY9(L:4:51), Q3
_cGB
_2CC
999 _c576661
_d576661